|
|
|
|
| LEADER |
00612nam a2200157Ia 4500 |
| 008 |
200110s9999||||xx |||||||||||||| ||und|| |
| 080 |
|
|
|a 362.82
|b LIN-E
|
| 100 |
|
|
|a Lindberg, Anna
|
| 245 |
|
0 |
|a Experience And Identity: A Historical Account Of Class, Caste, And Gender Among Cashew Workers Of Kerala, 930-2000
|
| 260 |
|
|
|a :
|b Lund University,
|c 2001
|
| 300 |
|
|
|a 382 p.
|f PB
|
| 500 |
|
|
|a General
|
| 650 |
|
|
|a Identity-- Experience --Historical Account Of Class
|
| 942 |
|
|
|c BK
|
| 999 |
|
|
|c 256530
|d 256530
|
| 952 |
|
|
|0 0
|1 0
|4 0
|6 362_820000000000000_LINE
|7 0
|9 272454
|a SOC
|b SOC
|l 0
|o 362.82 LIN-E
|p SOC6167
|r 2020-01-14
|w 2020-01-14
|y BK
|